00540cam a22001692 4500001001100000005001700011008004100028020002600069040001500095050002100110100003800131245008300169260004700252300001400299650002700313700003000340000000311320151217154337.0070427s xx 000 0 eng d a0333347404 :cKES 990 aKABUcKABU 0aHM51b.O348 19851 aOdetola, T. Olatunde.@000015275610aSociology :ban introductory African text /cT. Olatunde Odetola, Ade Ademola. aLondon ;aBasingstoke :bMacmillan,c1985. ax, 246 p. 0aSociology.@00000990211 aAdemola, Ade.@0000152757